Every City in Kentucky on a Map - Statistics

General Stats
  • This quiz has been taken 636 times
    633 since last reset
  • The average score is 56 of 413
Answers on the Map
Answers color-coded by a green-red scale on the quiz's map according to % correct below.
 
Answer Stats
Name Population % Correct
Louisville 640,796
97%
Lexington 329,437
90%
Bowling Green 79,076
82%
Frankfort 28,610
81%
Owensboro 60,675
67%
Paducah 26,712
67%
Covington 41,611
62%
Elizabethtown 34,565
54%
Richmond 39,581
49%
Ashland 21,066
45%
Georgetown 40,518
45%
London 7,573
45%
Pikeville 7,366
45%
Florence 33,763
42%
Hopkinsville 30,800
42%
Murray 18,567
40%
Henderson 27,750
39%
Paris 10,185
39%
Mount Washington 18,863
38%
Newport 13,792
38%
Nicholasville 33,458
38%
Somerset 12,389
37%
Versailles 10,656
36%
Bardstown 14,104
34%
Franklin 10,524
34%
Danville 17,562
33%
Berea 16,436
32%
Jeffersontown 29,388
32%
Morehead 6,789
32%
Shelbyville 18,048
32%
Winchester 19,413
32%
Hazard 4,808
31%
Corbin 7,891
30%
Harlan 1,831
30%
Glasgow 15,388
29%
Mayfield 9,805
29%
Jackson 2,101
28%
Independence 30,196
27%
Madisonville 19,502
27%
Campbellsville 11,820
26%
Erlanger 20,172
26%
Maysville 8,711
26%
Harrodsburg 9,491
25%
Middlesborough 8,899
25%
Shepherdsville 14,837
25%
Springfield 2,970
25%
St. Matthews 17,806
25%
Cave City 2,394
24%
Fulton 2,268
24%
Greenville 4,353
24%
Mount Sterling 7,588
24%
Union 7,874
24%
Fort Thomas 16,914
23%
Jeffersonville 1,772
23%
Lawrenceburg 12,189
23%
Williamsburg 5,332
23%
Carrollton 3,955
22%
Columbia 4,685
22%
Cynthiana 6,557
22%
La Grange 10,541
22%
Lebanon 6,558
22%
Paintsville 4,129
22%
Russell 3,638
22%
Simpsonville 3,119
22%
Alexandria 10,819
21%
Cumberland 1,788
21%
Fort Mitchell 8,766
21%
Middletown 9,908
21%
Radcliff 22,706
21%
Cadiz 2,741
20%
Midway 1,780
20%
Prospect 4,696
20%
Benton 4,726
19%
Clay 1,005
19%
Hodgenville 3,379
19%
Horse Cave 2,270
19%
Lancaster 4,083
19%
Leitchfield 6,895
19%
Mount Vernon 2,458
19%
Prestonsburg 3,638
19%
Shively 15,850
19%
Central City 5,744
18%
Columbus 146
18%
Dayton 5,854
18%
Eddyville 2,332
18%
Hardin 584
18%
Manchester 1,433
18%
Pineville 1,566
18%
Princeton 6,223
18%
Russellville 7,431
18%
Taylorsville 1,317
18%
Brandenburg 2,974
17%
Carlisle 2,151
17%
Hickman 2,282
17%
Monticello 5,726
17%
Scottsville 4,574
17%
Williamstown 3,971
17%
Barbourville 3,081
16%
Grayson 3,702
16%
Greenup 1,079
16%
Highland Heights 6,292
16%
Irvine 2,287
16%
Liberty 2,000
16%
Owenton 1,682
16%
Stanton 3,171
16%
West Liberty 3,257
16%
Albany 1,744
15%
Beaver Dam 3,535
15%
Bellevue 5,738
15%
Calvert City 2,517
15%
Crestwood 6,493
15%
Falmouth 2,206
15%
Marion 2,876
15%
Perryville 803
15%
Russell Springs 2,807
15%
Sparta 231
15%
Stanford 3,702
15%
Anchorage 2,538
14%
Dry Ridge 2,207
14%
Flemingsburg 3,003
14%
Greensburg 2,245
14%
Hartford 2,652
14%
Jamestown 1,884
14%
Lyndon 11,221
14%
Munfordville 1,721
14%
Oak Grove 7,973
14%
Park City 621
14%
Smiths Grove 829
14%
Stamping Ground 835
14%
Tompkinsville 2,239
14%
Walton 5,803
14%
Augusta 1,101
13%
Booneville 158
13%
Campton 303
13%
Catlettsburg 1,725
13%
Clinton 1,180
13%
Concord 18
13%
Dawson Springs 2,254
13%
Hardinsburg 2,487
13%
Morgantown 2,510
13%
Salyersville 1,499
13%
Sandy Hook 628
13%
Science Hill 660
13%
Warsaw 1,758
13%
Wickliffe 652
13%
Wilmore 6,268
13%
Auburn 1,674
12%
Crittenden 4,125
12%
Edmonton 1,705
12%
Elkton 2,330
12%
Fort Wright 6,096
12%
Hawesville 1,012
12%
Livingston 165
12%
Louisa 2,509
12%
Ludlow 4,390
12%
Martin 478
12%
New Castle 907
12%
Salem 706
12%
Taylor Mill 7,116
12%
Vanceburg 1,385
12%
Whitesburg 1,625
12%
Allen 167
11%
Arlington 258
11%
Bardwell 710
11%
Beattyville 2,125
11%
Brownsville 894
11%
Burnside 718
11%
Butler 639
11%
Calhoun 719
11%
California 85
11%
Clay City 1,176
11%
Cold Spring 6,499
11%
Crestview 465
11%
Germantown 143
11%
Goshen 933
11%
Grand Rivers 345
11%
Hillview 8,962
11%
Hurstbourne 4,777
11%
Indian Hills 2,934
11%
Inez 511
11%
Junction City 2,329
11%
Kuttawa 674
11%
Morganfield 3,131
11%
Oakland 196
11%
Pewee Valley 1,659
11%
Sadieville 343
11%
Southgate 3,802
11%
Upton 703
11%
Villa Hills 7,763
11%
Wilder 3,091
11%
Bedford 533
10%
Bloomfield 994
10%
Bremen 171
10%
Burkesville 1,386
10%
Corinth 231
10%
Crab Orchard 757
10%
Crestview Hills 3,338
10%
Eminence 2,787
10%
Fairfield 135
10%
Fairview 144
10%
Flatwoods 7,250
10%
Glencoe 352
10%
Hazel 402
10%
Hyden 279
10%
Irvington 1,383
10%
LaFayette 173
10%
Lebanon Junction 1,818
10%
Loretto 710
10%
Muldraugh 1,016
10%
Olive Hill 1,533
10%
Owingsville 1,589
10%
Providence 2,856
10%
Salt Lick 248
10%
Sonora 566
10%
Trenton 334
10%
Vine Grove 6,933
10%
West Point 909
10%
Bromley 727
9%
Corydon 722
9%
Crescent Springs 4,707
9%
Dixon 919
9%
Dover 222
9%
Edgewood 8,526
9%
Elsmere 9,337
9%
Frenchburg 617
9%
Hindman 646
9%
Jenkins 1,757
9%
Keene 106
9%
Lewisburg 776
9%
Lynch 601
9%
McKee 831
9%
Milton 592
9%
Mount Olivet 371
9%
New Haven 829
9%
Park Hills 3,191
9%
Raceland 2,301
9%
Sebree 1,530
9%
Uniontown 893
9%
Audubon Park 1,449
8%
Barlow 636
8%
Brodhead 1,112
8%
Brooksville 663
8%
Burgin 1,017
8%
Caneyville 536
8%
Cloverport 1,144
8%
Douglass Hills 5,558
8%
Earlington 1,257
8%
Elkhorn City 978
8%
Ferguson 864
8%
Fleming-Neon 545
8%
Fredonia 373
8%
Hustonville 396
8%
Lakeside Park 2,852
8%
Lewisport 1,743
8%
Livermore 1,204
8%
Melbourne 472
8%
Millersburg 746
8%
Nortonville 986
8%
Pembroke 887
8%
Plum Springs 549
8%
Sacramento 424
8%
Silver Grove 1,211
8%
Slaughters 187
8%
Smithfield 126
8%
Smithland 237
8%
Sturgis 1,655
8%
Westwood 584
8%
Whitesville 584
8%
Worthington 1,452
8%
Adairville 881
7%
Berry 261
7%
Cambridge 164
7%
Campbellsburg 865
7%
Clarkson 967
7%
Crofton 640
7%
Drakesboro 473
7%
Eubank 331
7%
Fordsville 450
7%
Ghent 369
7%
Glenview 604
7%
Graymoor-Devondale 2,810
7%
Guthrie 1,362
7%
Hanson 723
7%
Hills and Dales 145
7%
Hurstbourne Acres 2,005
7%
Island 446
7%
Kenton Vale 104
7%
Kevil 573
7%
La Center 861
7%
Mentor 227
7%
Mortons Gap 724
7%
Pioneer Village 2,764
7%
Rochester 113
7%
Ryland Heights 950
7%
St. Mary 140
7%
Watterson Park 1,027
7%
Waverly 302
7%
West Buechel 1,393
7%
Willisburg 299
7%
Windy Hills 2,471
7%
Wingo 583
7%
Woodburn 331
7%
Woodlawn 226
7%
Barbourmeade 1,237
6%
Blandville 70
6%
Bradfordsville 273
6%
Briarwood 454
6%
Brownsboro Farm 651
6%
Camargo 1,048
6%
Centertown 418
6%
Coal Run Village 1,596
6%
Ekron 169
6%
Fincastle 862
6%
Fountain Run 219
6%
Gamaliel 467
6%
Glenview Hills 381
6%
Gratz 66
6%
Hebron Estates 1,051
6%
Heritage Creek 1,241
6%
Hollyvilla 526
6%
Hunters Hollow 334
6%
Mackville 208
6%
McHenry 382
6%
Mockingbird Valley 184
6%
Nebo 211
6%
Norbourne Estates 442
6%
Northfield 1,014
6%
North Middletown 608
6%
Norwood 384
6%
Old Brownsboro Place 380
6%
Orchard Grass Hills 1,610
6%
Pippa Passes 583
6%
Pleasureville 799
6%
Powderly 787
6%
Prestonville 181
6%
Ravenna 555
6%
River Bluff 458
6%
Robards 445
6%
Sanders 206
6%
Sardis 62
6%
Seneca Gardens 678
6%
Sharpsburg 366
6%
South Carrollton 138
6%
South Shore 1,042
6%
St. Charles 282
6%
Strathmoor Manor 353
6%
St. Regis Park 1,459
6%
Wellington 573
6%
White Plains 847
6%
Worthington Hills 1,598
6%
Worthville 178
6%
Bancroft 514
5%
Bellemeade 923
5%
Benham 466
5%
Blaine 66
5%
Blue Ridge Manor 808
5%
Buckhorn 81
5%
Carrsville 44
5%
Coldstream 1,322
5%
Creekside 310
5%
Evarts 601
5%
Ewing 232
5%
Forest Hills 444
5%
Fox Chase 453
5%
Glenview Manor 209
5%
Green Spring 726
5%
Hickory Hill 119
5%
Hollow Creek 812
5%
Houston Acres 503
5%
Kingsley 400
5%
Lakeview Heights 274
5%
Langdon Place 889
5%
Lincolnshire 140
5%
Loyall 593
5%
Lynnview 959
5%
Maryhill Estates 181
5%
Meadow Vale 736
5%
Meadowview Estates 437
5%
Murray Hill 579
5%
Parkway Village 624
5%
Plantation 837
5%
Raywick 154
5%
Richlawn 421
5%
Rockport 265
5%
Rolling Fields 731
5%
Rolling Hills 947
5%
Spring Valley 687
5%
Sycamore 171
5%
Ten Broeck 96
5%
Warfield 240
5%
Wheatcroft 103
5%
Wheelwright 1,051
5%
Wildwood 284
5%
Woodbury 77
5%
Woodlawn Park 958
5%
Wurtland 971
5%
Bellefonte 883
4%
Bellewood 346
4%
Broeck Pointe 250
4%
Brownsboro Village 313
4%
Crossgate 225
4%
Druid Hills 302
4%
Goose Creek 304
4%
Manor Creek 244
4%
Meadowbrook Farm 117
4%
Moorland 441
4%
Riverwood 499
4%
Spring Mill 298
4%
Strathmoor Village 690
4%
Thornhill 187
4%
Wayland 359
4%
Woodland Hills 740
4%
Beechwood Village 1,293
3%
No matching quizzes found
Score Distribution
Percent of People with Each Score
Percentile by Number Answered
Your Score History
You have not taken this quiz since the last reset